Wish come true : a Carson Springs novel [Large ... Read More
Available copies
- 1 of 1 copy available at LARL/NWRL Consortium.
Current holds
0 current holds with 1 total copy.
View other formats and editions
Show Only Available Copies
| Location | Call Number / Copy Notes | Barcode | Shelving Location | Status | Due Date |
|---|---|---|---|---|---|
| Grygla LINK Site | lp GOU (Text) | 35500003539424 | Main | Available | - |
Record details
- ISBN: 0786259213
- Physical Description: 640 p. (large print) ; 22 cm.
- Publisher: Waterville, Me. : Thorndike Press, 2003.
Search for related items by subject
| Subject: | Women > California > Fiction. Trials (Murder) > Fiction. California > Fiction. |
| Genre: | Large type books. Legal stories. |
| LDR | 00934nam a22002778a 4500 | ||
|---|---|---|---|
| 001 | 51681 | ||
| 003 | LARL_NWRL_CONSORTIUM | ||
| 005 | 20030728135919.0 | ||
| 008 | 030613r20032003meu d 000 1 eng | ||
| 020 | . | ‡a0786259213 | |
| 035 | . | ‡a(OCoLC)52494715 | |
| 035 | 0 | 0. | ‡ilcmarc/BCE-7886/LARLTECH |
| 040 | . | ‡aDLC ‡cDLC | |
| 082 | 0 | 0. | ‡a813/.54 ‡221 |
| 099 | . | ‡aGou | |
| 100 | 1 | . | ‡aGoudge, Eileen. ‡0(LARL_NWRL_CONSORTIUM)92888 |
| 245 | 1 | 0. | ‡aWish come true : ‡ba Carson Springs novel ‡h[Large Print] / ‡cEileen Goudge. |
| 260 | . | ‡aWaterville, Me. : ‡bThorndike Press, ‡c2003. | |
| 300 | . | ‡a640 p. (large print) ; ‡c22 cm. | |
| 650 | 0. | ‡aWomen ‡zCalifornia ‡vFiction. | |
| 650 | 0. | ‡aTrials (Murder) ‡vFiction. ‡0(LARL_NWRL_CONSORTIUM)167629 | |
| 651 | 0. | ‡aCalifornia ‡vFiction. ‡0(LARL_NWRL_CONSORTIUM)164052 | |
| 655 | 0. | ‡aLarge type books. | |
| 655 | 7. | ‡aLegal stories. ‡2gsafd | |
| 901 | . | ‡a51681 ‡bOCLC ‡c51681 ‡tbiblio | |

Add to basket
Permalink
Disable Highlighting